Masalah bantuan perkembangan ekonomi bagi Indonesia. (Record no. 82626)

MARC details
000 -LEADER
fixed length control field 00585cam a22002171 4500
001 - CONTROL NUMBER
control field sa 68008895
003 - CONTROL NUMBER IDENTIFIER
control field DLC
005 - DATE AND TIME OF LATEST TRANSACTION
control field 20260227112538.0
008 - FIXED-LENGTH DATA ELEMENTS--GENERAL INFORMATION
fixed length control field 860310s1968 io 000 0 ind
010 ## - LIBRARY OF CONGRESS CONTROL NUMBER
LC control number sa 68008895
035 ## - SYSTEM CONTROL NUMBER
System control number (OCoLC)13276720
040 ## - CATALOGING SOURCE
Original cataloging agency DLC
Transcribing agency CU
Modifying agency MiU
-- DLC
042 ## - AUTHENTICATION CODE
Authentication code premarc
043 ## - GEOGRAPHIC AREA CODE
Geographic area code a-io---
050 00 - LIBRARY OF CONGRESS CALL NUMBER
Classification number HC447
Item number .H36
100 1# - MAIN ENTRY--PERSONAL NAME
Personal name Hata, Mohammad,
Dates associated with a name 1902-
245 10 - TITLE STATEMENT
Title Masalah bantuan perkembangan ekonomi bagi Indonesia.
260 ## - PUBLICATION, DISTRIBUTION, ETC.
Place of publication, distribution, etc. [Djakarta]
Name of publisher, distributor, etc. Djambatan,
Date of publication, distribution, etc. [1968]
300 ## - PHYSICAL DESCRIPTION
Extent v, 22 p.
Dimensions 21 cm.
650 #0 - SUBJECT ADDED ENTRY--TOPICAL TERM
Topical term or geographic name entry element Economic assistance
Geographic subdivision Indonesia.

No items available.

Powered by Koha